00329nam a22001337a 4500003000700000005001700007008004100024082001500065100003200080245002200112260003900134300000800173650001400181MPLRDC20220104123646.0210129b ||||| |||| 00| 0 eng d a415.5 CDY  a陈得源、魏秀娟编译 a胃肠生理学c ab新医学丛书系列出版社c b平 a胃肠病